00798 2200277 4500001002100000005001500021035002500036008004100061020002200102040001700124082001700141084001900158090002300177090002100200100001200221245010000233260003300333300003700366650002000403700001600423700002400439850001200463007000300475999002100478990002100499INLIS00000000000212520200327030713 a0010-021500000000392150218s 2014xx 0  a978-979-29-4452-5 aYOPDYOGbind04222a899.2213 a899.2213 ASK a aDEP 899.2213 ASK a aCB-D.11 2014-5550 aAskalin10aAku bisa sendiri /cpenulis Askalin ; ilustrator, Endy Astiko ; penyunting, Sisilia Triana Dewi31aYogyakarta :bRainbow,c2014 a24 halaman :bilustrasi ;c19 cm 4aFiksi Indonesia0 aEndy Astiko0 aSisilia Triana Dewi aYOPDYOGta aCB-D.11/2014-555 aCB-D.11/2014-555